| 000 | 00681nam a2200217 a 4500 | ||
|---|---|---|---|
| 005 | 20210223125635.0 | ||
| 008 | 050425s2000 000 eng d | ||
| 020 | _a2090333413 | ||
| 035 | _aUPN01000138582 | ||
| 049 | _aCG | ||
| 050 | 4 |
_aP53.77 _bB3.2 |
|
| 100 | 1 | _aBarbot, Marie-José | |
| 245 | 1 | 4 |
_aLes auto-apprentissages / _cMarie-José Barbot. |
| 260 |
_aParis : _bCLE International, _c2000. |
||
| 300 |
_a125 p. : _bcuadros |
||
| 440 | 0 | _aDidactique des langues étrangères | |
| 590 | _a(También localizas un ejemplar en el "Area de Reserva") | ||
| 590 | _aBibliografía Básica (BGTQ) | ||
| 650 | 4 |
_aLENGUAJE Y LENGUAS - _vAUTOAPRENDIZAJE _94657 |
|
| 905 | _aLibro | ||
| 999 |
_c110730 _d110730 |
||